000 00989nac a22003017a 4500
001 BR9502687
003 BR-BrBNA
005 20240105121630.0
008 230509b bl.|||m| |||| 00| 0 por d
040 _aBR-BrBNA
_bpor
_cBiblioteca Nacional de Agricultura
072 _aL01
090 _a5250 BR9502687
100 1 _aBrito, P.V.
100 1 _aSouza, C.M.G.
110 1 _aEmpresa de Assistencia Tecnica e Extensao Rural do Estado do Maranhao, Sao Luis (Brasil)
_94038
245 1 _aInformacoes sobre criacao de caprinos, suinos e galinha caipira
260 3 _aSao Luis, MA (Brasil):
_b2. ed.,
_c1993.
300 _a15 p.
490 _aInformacoes Tecnicas - Empresa de Assistencia Tecnica e Extensao Rural do Estado do Maranhao (Brazil)
_vno. 1
_x
500 _a7 ref.
650 _aCaprino
650 _aSuino
650 _aGalinha
650 _aManejo
650 _aInstalacao para Animal
909 _a202312
_bLúcia Elande
_c55
_dLúcia Elande
942 _2AGRIS
_n0
_cMS
999 _c286462
_d286462